000 00449nam a2200169Ia 4500
003 GCL
008 140319s9999 xx 000 0 eng d
040 _aGCL /
_cGCL
082 0 4 _a782.1
_bP R
100 1 _aPUFFETT, DERRICK
245 1 0 _aRICHARD STRAUSS: SALOME /
_cPUFFETT, DERRICK
260 _a[S.N] :
_bCAMBRIBGE UNIVERSITY PRESS ،
_c1989
300 _a211 P
650 0 4 _aSTRAUSS, RICHARD, 1864-1949
650 0 4 _aSALOME
942 _2ddc
_cBK
999 _c24429
_d24429